000 00489cam a2200193ua 4500
001 6826
008 140219n ii |||gr||||Z||||||eng
020 _a0-7069-9902-9
040 _cMAIN
082 _a651
245 _aSecretarial Practice
_cBy M.C. Kuchhal
250 _a13th rev. ed.
260 _aNew delhi:
_bVikas publishing house,
_c1975.
300 _axix,292p.
653 _aOffice services
653 _aSecretarial Practice
700 _aKuchhal,M.C.,
_eAuthor.,
942 _cBK
999 _c5974
_d5974